Mots cachés Pokémon 5G - Statistiques

Statistiques générales
  • Ce quiz a été pris 20 fois
  • Le résultat moyen est 9 sur 20
Statistiques - réponses
Mot caché Réponse % Correct
aeeoprrtxy Aéroptéryx
100%
aaafilmnor Aflamanoir
100%
aachnttw Anchwatt
100%
abdeoprtu Brutapode
100%
aabcginr Carabing
100%
ccdhhiinou Chinchidou
100%
ccil Clic
100%
ccciiillt Cliticlic
100%
deeemorst Démétéros
100%
ddeootuuv Doudouvet
100%
aafjlmou Flamajou
100%
afjlootu Flotajou
100%
aflnoottu Flotoutan
100%
aadfgilry Fragilady
100%
fgilrsuu Fulguris
100%
ceeegnst Genesect
100%
aegghiilt Gigalithe
100%
dginrru Grindur
100%
aadhimy Haydaim
100%
aeeghlx Hexagel
100%
accehiins Incisache
100%
adjkkoru Judokrak
100%
ekmruy Kyurem
100%
aaaijln Lianaja
100%
acellmnoux Mélancolux
100%
aaimmsx Miasmax
100%
aahmnsu Mushana
100%
dehilnotu Nodulithe
100%
chinoopt Ponchiot
100%
eillnopry Pyronille
100%
chiloos Solochi
100%
bbeeors Sorbébé
100%
bblooorsuu Sorbouboul
100%
bimossy Symbios
100%
cit Tic
100%
dehiorrtxy Trioxhydre
100%
aceirttuuv Vaututrice
100%
aeeinpttv Venipatte
100%
ciiintv Victini
100%
ekmorz Zekrom
100%
aoruz Zorua
100%
aaeikprt Arkéapti
83%
ceenoopttu Coupenotte
80%
aaabceqrru Crabaraque
75%
giikruu Gruikui
75%
eimos Méios
75%
aadimt Diamat
67%
aaflmnotu Flamoutan
67%
ceefinru Funécire
67%
aadimrr Miradar
67%
ademoy Moyade
67%
aprxy Pyrax
67%
aefhttu Tutafeh
67%
diiimruv Viridium
67%
bbeinorz Zébibron
67%
akoorrz Zoroark
67%
bcehllooru Chlorobule
60%
abcceioqru Crabicoque
50%
aaddmnorru Darumarond
50%
eefimrt Fermite
50%
aefijllouu Feuillajou
50%
deeklo Keldeo
50%
deilmno Limonde
50%
aacijmps Majaspic
50%
aaeggmops Mégapagos
50%
efiiorruv Ouvrifier
50%
cehinnop Ponchien
50%
acellrstu Scrutella
50%
eikssuv Viskuse
50%
aadiilmvv Vivaldaim
50%
nooorstuv Vostourno
50%
aabeggginu Baggiguane
33%
bceefhot Bétochef
33%
aeglmo Emolga
33%
aadeffrtuv Farfaduvet
33%
efgiknnouu Kungfouine
33%
aceegklmny Lakmécygne
33%
aeelmnnrt Manternel
33%
celnosu Nucléos
33%
aaefknrttu Tutankafer
33%
cdeeorruuv Couverdure
25%
aahillmps Pashmilla
25%
acdhnnoort Tranchodon
20%
aabdggi Baggaïd
0%
aaabgnrtu Bargantua
0%
aabcenrt Batracné
0%
abeors Boréas
0%
aaacgoprs Carapagos
0%
aacchinpr Chacripan
0%
acehinprt Charpenti
0%
chioorrsuv Chovsourir
0%
aacillmr Clamiral
0%
abcilmotu Cobaltium
0%
abcelmoou Colombeau
0%
acennootu Couaneton
0%
acelprstuu Crapustule
0%
bcceiloorr Crocorible
0%
ceoprrty Cryptéro
0%
aacdhmoru Darumacho
0%
aadefilns Déflaisan
0%
aadikkmnrr Drakkarmin
0%
aaceegmrsu Escargaume
0%
cceoors Escroco
0%
aefilnotuu Feuiloutan
0%
finors Frison
0%
afgilnoru Furaiglon
0%
aegltu Gaulet
0%
eeghilot Géolithe
0%
aceglmoost Golemastoc
0%
eggilmnor Gringolem
0%
cghinoort Grotichon
0%
aeeggiilru Gueriaigle
0%
aaceeklr Karaclée
0%
aeeilmopr Lampéroie
0%
aacglnort Lançargot
0%
aeeelrttvy Larveyette
0%
adeloprsu Léopardus
0%
elorsw Lewsor
0%
adeeilmps Limaspeed
0%
abegllruu Lugulabre
0%
aabmmno Mamanbo
0%
aaacchimr Maracachi
0%
aaacimmns Mascaïman
0%
aeffmostu Mastouffe
0%
aeelmorttu Mateloutre
0%
aeelmott Meloetta
0%
aeeellmmrs Mesmérella
0%
aaeiimmms Miamiasme
0%
aeimnoptu Minotaupe
0%
illmnoostu Moustillon
0%
amnnu Munna
0%
aglmotvy Mygavolt
0%
aeeimnnou Nanméouïe
0%
aeimnrt Neitram
0%
aceinor Noacier
0%
aacehmorss Ohmassacre
0%
ceghiinoop Poichigeon
0%
aeffgilopr Polagriffe
0%
aehlmopru Polarhume
0%
aefinrtt Ratentif
0%
aehimrrs Reshiram
0%
ehilnoorv Rhinolove
0%
afiilmort Roitiflam
0%
aeooprttu Rototaupe
0%
acilnops Scalpion
0%
aceiloprs Scalproie
0%
bcdeiloos Scobolide
0%
aefhinoosu Shaofouine
0%
adeeillrs Sidérella
0%
bloorsu Sorboul
0%
aiiksttt Statitik
0%
aeikmrrtu Terrakium
0%
deinortt Tritonde
0%
gimnnooprt Trompignon
0%
eeeiilprrv Vipélierre
0%
beiltzz Zéblitz
0%
Aucun quiz correspondant
Distribution des résultats
% des personnes avec chaque résultat
Percentile par nombre de réponses
Votre historique - résultats
Vous n’avez pas pris ce quiz